000 00766nam1a22002171i 4500
001 rc\484133
005 20240724000524.0
035 _a(NLR Aleph) 005972702
090 _a6950836
_c6950836
100 _a20030616g19879999u |0rusy50 ca
101 0 _arus
102 _aRU
105 _ay |||||||||
200 1 _aОчистка сточных вод промышленных предприятий
_eОтеч. и иностр. лит. ...
210 _aМ.
_cБ. и.
_d1987-
215 _d26
225 1 _aБиблиографический указатель
_fВсесоюз. о-во "Знание", ОНТИ и библиогр. Центр. политехн. б-ка
801 0 _aRU
_bNLR
_gpsbo
801 1 _aRU
_bELAR
_2rusmarc
852 _aNLR
_bС
_jК-4/27
942 _cBOOK